000 00443nab a2200145Ia 4500
003 ES-SlBCS
005 20210601131729.0
008 140529s1954 xxu||||| |||| 00| 0 fre d
041 _afre
100 1 _aMartel, Pierre-Albin
_9188289
245 0 0 _aL'Église de Madagascar et l'indépendance malgache
_c Pierre-Albin Martel
650 0 4 _aMalgaches
_9188389
773 0 _tVie Intelectuelle (La)
_gnº. 3, 1954, págs. 68-71
_wRev907
942 _cAR
999 _c567808
_d567808